Planning for developing a background economy / (Record no. 7838)

MARC details
000 -LEADER
fixed length control field 00634nam a22002297a 4500
001 - CONTROL NUMBER
control field BD-DhSAU 7838
003 - CONTROL NUMBER IDENTIFIER
control field BD-DhSAU
005 - DATE AND TIME OF LATEST TRANSACTION
control field 20150528165458.0
008 - FIXED-LENGTH DATA ELEMENTS--GENERAL INFORMATION
fixed length control field 150528b1991 ii ||||| |||| 001 0 eng d
040 ## - CATALOGING SOURCE
Original cataloging agency BD-DhSAU
082 ## - DEWEY DECIMAL CLASSIFICATION NUMBER
Edition number 22
Classification number 332.6
Item number SIP
100 ## - MAIN ENTRY--PERSONAL NAME
Personal name Singh, Abhimanyu
245 ## - TITLE STATEMENT
Title Planning for developing a background economy /
Statement of responsibility, etc. Abhimanyu Singh
250 ## - EDITION STATEMENT
Edition statement 2nd revised ed.
260 ## - PUBLICATION, DISTRIBUTION, ETC. (IMPRINT)
Place of publication, distribution, etc. New Delhi :
Name of publisher, distributor, etc. Vikas Pub. ,
Date of publication, distribution, etc. c1991.
300 ## - PHYSICAL DESCRIPTION
Extent viii, 242 p. :
Dimensions 22 cm.
504 ## - BIBLIOGRAPHY, ETC. NOTE
Bibliography, etc Include bibliographical reference & index.
590 ## - Name of Cataloguer
Name of Cataloger Jerin<br/>
650 ## - SUBJECT ADDED ENTRY--TOPICAL TERM
Topical term or geographic name as entry element Extension
650 ## - SUBJECT ADDED ENTRY--TOPICAL TERM
Topical term or geographic name as entry element economy
942 ## - ADDED ENTRY ELEMENTS (KOHA)
Source of classification or shelving scheme Dewey Decimal Classification
Koha item type Book
Holdings
Withdrawn status Lost status Source of classification or shelving scheme Damaged status Not for loan Collection code Home library Branch Name Shelving location Date acquired Total Checkouts Full call number Barcode Date last seen Price effective from Koha item type
    Dewey Decimal Classification   Not For Loan Reference SAU Library SAU Library Reference 23/06/1992   332.6 SIP 19622 28/05/2015 28/05/2015 Book